[Event "Jiraskuv memorial A"]
[Site "Rakovnik"]
[Date "2011.08.12"]
[Round "8"]
[White "Hlavac, Rudolf"]
[Black "Hinz, Frantisek"]
[Result "1/2-1/2"]
[WhiteElo "2064"]
[BlackElo "2015"]
[PlyCount "77"]
[EventDate "2011.08.??"]
[EventType "swiss"]
[EventRounds "9"]
[EventCountry "CZE"]
[TimeControl "40/7200:20/3600:1800"]

{16MB, Fritz8.ctg, SACHY-67D9C7985} 1. e4 c5 2. Nf3 d6 3. d4 cxd4 4. Qxd4 Qc7
5. c4 Nf6 6. Nc3 e6 7. b3 Be7 8. Bb2 a6 9. Be2 O-O 10. O-O b6 11. Rfe1 Bb7 12.
Bd3 Nbd7 13. Rad1 Ne5 14. Qe3 Rac8 15. h3 Nfd7 16. Bb1 Bf6 17. Nd4 Rfd8 18. Kh1
Nc6 19. Nde2 Qb8 20. Rd2 Ne7 21. Red1 d5 22. exd5 exd5 23. Nxd5 Nxd5 24. cxd5
Bxb2 25. Rxb2 Nf6 26. Nf4 Re8 27. Qd4 Qd6 28. Rbd2 Re5 29. b4 Rce8 30. Kh2 g5
31. g3 gxf4 32. Qxf4 Rd8 33. a3 Rxd5 34. Rxd5 Bxd5 35. Qg5+ Kf8 36. Ba2 Qe6 37.
Bxd5 Rxd5 38. Rxd5 Nxd5 39. Qd8+ 1/2-1/2

[Event "Jiraskuv memorial A"]
[Site "Rakovnik"]
[Date "2011.08.12"]
[Round "8"]
[White "Sibl, Vaclav"]
[Black "Kovar, Jan"]
[Result "0-1"]
[WhiteElo "1975"]
[BlackElo "2002"]
[PlyCount "78"]
[EventDate "2011.08.??"]
[EventType "swiss"]
[EventRounds "9"]
[EventCountry "CZE"]
[TimeControl "40/7200:20/3600:1800"]

{16MB, Fritz8.ctg, SACHY-67D9C7985} 1. d4 Nf6 2. Bf4 g6 3. e3 Bg7 4. Nf3 d5 5.
Nbd2 O-O 6. c3 Nbd7 7. Be2 c6 8. h3 Re8 9. Ne5 Nxe5 10. Bxe5 Nd7 11. Bxg7 Kxg7
12. Nf3 f6 13. O-O e5 14. c4 e4 15. Nd2 Nb6 16. Re1 f5 17. Bf1 Qg5 18. Kh2 f4
19. c5 fxe3 20. fxe3 Nd7 21. Qb3 Rf8 22. Re2 h5 23. g3 Nf6 24. Rg2 Rf7 25. Be2
Qf5 26. g4 hxg4 27. hxg4 Qg5 28. Rf1 Be6 29. Kg1 Rh8 30. Rf4 Rh3 31. Nf1 Qh4
32. Nh2 g5 33. Rff2 Kg6 34. Qc3 Rh7 35. Qd2 Rg3 36. Kf1 Nxg4 37. Bxg4 Bxg4 38.
Rxg3 Qxg3 39. Ke1 Rxh2 0-1

[Event "Jiraskuv memorial A"]
[Site "Rakovnik"]
[Date "2011.08.12"]
[Round "8"]
[White "Haman, Jakub"]
[Black "Zboril, Jaroslav"]
[Result "1/2-1/2"]
[WhiteElo "2146"]
[BlackElo "1989"]
[PlyCount "123"]
[EventDate "2011.08.??"]
[EventType "swiss"]
[EventRounds "9"]
[EventCountry "CZE"]
[TimeControl "40/7200:20/3600:1800"]

{16MB, Fritz8.ctg, SACHY-67D9C7985} 1. e4 d6 2. d4 Nf6 3. Nc3 e5 4. Nge2 Nbd7
5. g3 g6 6. Bg2 Bg7 7. d5 O-O 8. O-O a5 9. h3 Nc5 10. Be3 b6 11. Re1 Ne8 12. f4
f5 13. exf5 Bxf5 14. Kh2 Rb8 15. fxe5 Bxe5 16. Bd4 Nf6 17. Bxe5 dxe5 18. Ng1 e4
19. Qd4 h5 20. Rad1 h4 21. Nge2 hxg3+ 22. Nxg3 Qd6 23. Re3 Rbd8 24. Kh1 c6 25.
Ncxe4 Ncxe4 26. Nxe4 Nxe4 27. Bxe4 Bxe4+ 28. Qxe4 Rf2 29. Qe6+ Qxe6 30. Rxe6
Rxd5 31. Rxd5 cxd5 32. Rxg6+ Kf7 33. Rg2 Rf1+ 34. Kh2 b5 35. Kg3 Kg6 36. Rd2
Rb1 37. b3 Rb2 38. a3 a4 39. b4 Ra2 40. Rxd5 Rxa3+ 41. Kf4 Rc3 42. Rxb5 Rxc2
43. Ke4 a3 44. Kd5 Kf6 45. Ra5 a2 46. Ra7 Rd2+ 47. Kc6 Ke6 48. Ra3 Rc2+ 49. Kb6
Kd7 50. b5 Kc8 51. Ra8+ Kd7 52. h4 Rf2 53. h5 Rh2 54. Ra3 Kc8 55. Ra8+ Kd7 56.
h6 Rxh6+ 57. Kb7 Rh2 58. b6 Rb2 59. Ra6 Kd6 60. Ka8 a1=Q 61. Rxa1 Rxb6 62. Rd1+
1/2-1/2

[Event "Jiraskuv memorial A"]
[Site "Rakovnik"]
[Date "2011.08.12"]
[Round "8"]
[White "Slanec, Jan"]
[Black "Gaj, Milos"]
[Result "0-1"]
[WhiteElo "1913"]
[BlackElo "1973"]
[PlyCount "168"]
[EventDate "2011.08.??"]
[EventType "swiss"]
[EventRounds "9"]
[EventCountry "CZE"]
[TimeControl "40/7200:20/3600:1800"]

{16MB, Fritz8.ctg, SACHY-67D9C7985} 1. e4 c5 2. b4 cxb4 3. a3 Nf6 4. e5 Nd5 5.
axb4 Nxb4 6. c3 N4c6 7. d4 e6 8. f4 d5 9. Nf3 Nd7 10. Bd3 a6 11. O-O Rb8 12. f5
exf5 13. Bxf5 Be7 14. e6 fxe6 15. Bxe6 Nb6 16. Bxc8 Rxc8 17. Ne5 Nxe5 18. dxe5
Nc4 19. Qg4 Rf8 20. Rxf8+ Kxf8 21. Ba3 Nxa3 22. Nxa3 Bxa3 23. Qe6 Bc5+ 24. Kh1
Be7 25. Rf1+ Ke8 26. Rf7 Rc6 27. Qf5 g6 28. Qf3 Rxc3 29. Rxe7+ Kxe7 30. Qxc3
Qb6 31. Qc1 Ke6 32. h3 Kxe5 33. Qe1+ Kd6 34. Qg3+ Kc6 35. Qh4 h5 36. Qf6+ Kc7
37. Qf7+ Kb8 38. Qxd5 Qc6 39. Qd8+ Ka7 40. Qd4+ Qb6 41. Qd3 a5 42. Kh2 a4 43.
Qc4 Qc6 44. Qb4 b6 45. Kg3 Ka6 46. Kh4 Qf6+ 47. Kg3 b5 48. h4 g5 49. hxg5 Qxg5+
50. Kf2 h4 51. Kg1 h3 52. Qd6+ Ka5 53. g3 Qf5 54. Qd1 Qe4 55. Qd2+ b4 56. Qd8+
Kb5 57. Qd7+ Qc6 58. Qxh3 Qc5+ 59. Kh2 Qf2+ 60. Kh1 Qe1+ 61. Kh2 Qd2+ 62. Kh1
b3 63. Qf5+ Kb4 64. Qf8+ Kc3 65. Qa3 Qd4 66. Qc1+ Kb4 67. g4 Qxg4 68. Qe1+ Kc4
69. Qf1+ Kc5 70. Qf8+ Kd5 71. Qa8+ Ke5 72. Qa5+ Kf6 73. Qd8+ Kg6 74. Qe8+ Kg5
75. Qd8+ Kf4 76. Qd2+ Kg3 77. Qe1+ Kh3 78. Qe3+ Kh4 79. Qh6+ Qh5 80. Qf4+ Kh3
81. Qe3+ Kg4+ 82. Kg1 Qb5 83. Qe4+ Kg5 84. Qe7+ Kf5 0-1

[Event "Jiraskuv memorial A"]
[Site "Rakovnik"]
[Date "2011.08.13"]
[Round "9"]
[White "Vykouk, Jan"]
[Black "Stransky, Vojtech"]
[Result "1/2-1/2"]
[WhiteElo "1792"]
[BlackElo "1843"]
[PlyCount "31"]
[EventDate "2011.08.??"]
[EventType "swiss"]
[EventRounds "9"]
[EventCountry "CZE"]

1. e4 d5 2. exd5 Nf6 3. d4 Bg4 4. Be2 Bxe2 5. Nxe2 Nxd5 6. O-O e6 7. c3 Nc6 8.
Nd2 Be7 9. Ne4 Nf6 10. Nxf6+ Bxf6 11. Ng3 O-O 12. Ne4 Be7 13. f4 Qd5 14. Qe2
Rad8 15. Ng3 Bf6 16. Be3 1/2-1/2

[Event "Jiraskuv memorial A"]
[Site "Rakovnik"]
[Date "2011.08.13"]
[Round "9"]
[White "Prochazka, Petr"]
[Black "Kozak, Milos"]
[Result "0-1"]
[WhiteElo "2008"]
[BlackElo "2232"]
[PlyCount "64"]
[EventDate "2011.08.??"]
[EventType "swiss"]
[EventRounds "9"]
[EventCountry "CZE"]

1. e4 c6 2. d4 d5 3. exd5 cxd5 4. c3 Nc6 5. Nf3 Qc7 6. Bd3 Bg4 7. O-O e6 8.
Nbd2 Bd6 9. Re1 Bxh2+ 10. Kh1 Bd6 11. Nf1 Nge7 12. Bd2 Bh5 13. b4 Bg6 14. Qb1
Bxd3 15. Qxd3 Ng6 16. g3 Rc8 17. Kg2 Nce7 18. Ne3 a6 19. Reb1 Bf4 20. a4 Bxe3
21. Qxe3 Nf5 22. Qe2 Qc4 23. Qe1 Nd6 24. Ng5 O-O 25. f3 Rfe8 26. f4 h6 27. Nf3
Ne4 28. Rc1 Qd3 29. Ra2 Rc7 30. Rac2 Rec8 31. a5 f6 32. Qf1 Qxf1+ 0-1

[Event "Jiraskuv memorial A"]
[Site "Rakovnik"]
[Date "2011.08.13"]
[Round "9"]
[White "Ondrejat, Miroslav"]
[Black "Cozl, David"]
[Result "1/2-1/2"]
[WhiteElo "2048"]
[BlackElo "1982"]
[PlyCount "116"]
[EventDate "2011.08.??"]
[EventType "swiss"]
[EventRounds "9"]
[EventCountry "CZE"]

1. c4 e5 2. Nc3 Nf6 3. g3 c6 4. Nf3 d6 5. Bg2 Be7 6. O-O O-O 7. d3 Na6 8. Rb1
Rb8 9. b4 b5 10. c5 Bd7 11. cxd6 Bxd6 12. a3 h6 13. Nd2 c5 14. Nce4 Nxe4 15.
Nxe4 Be6 16. bxc5 Nxc5 17. Nxd6 Qxd6 18. Be3 a5 19. d4 Na4 20. Qe1 Qxa3 21.
Qxa5 exd4 22. Bxd4 Bc4 23. Rfc1 Qd6 24. e3 Qd7 25. Ra1 Qe6 26. h4 Rfd8 27. Qb4
Rdc8 28. Kh2 Bd5 29. Rxc8+ Rxc8 30. Qxb5 Bxg2 31. Kxg2 Qe4+ 32. Kg1 Nc3 33. Qa6
Qc6 34. Qxc6 Rxc6 35. Ra8+ Kh7 36. Bxc3 Rxc3 37. Ra7 Kg6 38. Kg2 h5 39. Kf3 Rb3
40. Ra5 f6 41. Rd5 Ra3 42. Kf4 Ra4+ 43. Rd4 Ra5 44. e4 Rb5 45. Ke3 Ra5 46. f4
Ra3+ 47. Rd3 Ra5 48. Kf3 Ra4 49. Re3 Ra5 50. e5 fxe5 51. fxe5 Kf5 52. e6 Ra8
53. e7 Re8 54. Re2 Kf6 55. Kf4 g6 56. Re5 Rxe7 57. Rxe7 Kxe7 58. Kg5 Kf7
1/2-1/2

[Event "Jiraskuv memorial A"]
[Site "Rakovnik"]
[Date "2011.08.13"]
[Round "9"]
[White "Novak, Jindrich"]
[Black "Misicko, Jan"]
[Result "0-1"]
[WhiteElo "2059"]
[BlackElo "2042"]
[PlyCount "88"]
[EventDate "2011.08.??"]
[EventType "swiss"]
[EventRounds "9"]
[EventCountry "CZE"]
[TimeControl "180"]

{24MB, Fritz8.ctg, sach1} 1. e4 c5 2. c3 Nf6 3. d3 Nc6 4. Nf3 d6 5. Be2 g6 6.
Bg5 Bg7 7. h4 h6 8. Be3 Qb6 9. Qc2 Bd7 10. Nbd2 Rc8 11. Nc4 Qc7 12. Bf4 e5 13.
Bh2 O-O 14. O-O Ng4 15. Bg3 f5 16. Nh2 Nxh2 17. Bxh2 f4 18. h5 Rf6 19. Qd1 Rcf8
20. Bg4 Qc8 21. Bxd7 Qxd7 22. Qf3 g5 23. Qd1 g4 24. Qb3 Kh8 25. g3 Qf7 26. Nd2
Qxh5 27. Qc2 Qh3 28. gxf4 exf4 29. Bxf4 Rxf4 30. Nc4 g3 31. f3 Nd4 32. Qg2
Nxf3+ 33. Rxf3 Qxg2+ 34. Kxg2 Rxf3 35. Rd1 Be5 36. d4 cxd4 37. cxd4 Rf2+ 38.
Kg1 g2 39. dxe5 Rf1+ 40. Kxg2 Rxd1 41. exd6 h5 42. Na3 Rxd6 43. Nc4 Rg6+ 44.
Kh3 Rf1 0-1

[Event "Jiraskuv memorial A"]
[Site "Rakovnik"]
[Date "2011.08.13"]
[Round "9"]
[White "Hruska, Jan"]
[Black "Vlacil, Vladimir"]
[Result "1-0"]
[WhiteElo "2048"]
[BlackElo "2015"]
[PlyCount "79"]
[EventDate "2011.08.??"]
[EventType "swiss"]
[EventRounds "9"]
[EventCountry "CZE"]
[TimeControl "180"]

{24MB, Fritz8.ctg, sach1} 1. c4 c5 2. Nc3 Nc6 3. g3 g6 4. Bg2 Bg7 5. d3 Nf6 6.
e4 d6 7. Nge2 Rb8 8. O-O a6 9. a4 Bd7 10. Rb1 Qc8 11. d4 cxd4 12. Nxd4 Nxd4 13.
Qxd4 Nh5 14. Qd3 Bh3 15. Nd5 Bxg2 16. Kxg2 Nf6 17. Nxf6+ Bxf6 18. Be3 O-O 19.
b4 b6 20. b5 a5 21. f4 Qe6 22. Rf2 Rfc8 23. Rc2 Bg7 24. f5 Qe5 25. Rbc1 e6 26.
Bf4 Qd4 27. Qxd4 Bxd4 28. fxe6 fxe6 29. Bxd6 Rb7 30. e5 Bc5 31. Re1 Rd7 32. Rd1
Rcd8 33. Rcd2 Kf7 34. Rf1+ Kg8 35. Rfd1 Kf7 36. Kf3 Ke8 37. Ke4 Kf7 38. Rd3 Rc8
39. Rf1+ Kg7 40. Bf8+ 1-0

[Event "Jiraskuv memorial A"]
[Site "Rakovnik"]
[Date "2011.08.13"]
[Round "9"]
[White "Volek, Radomir"]
[Black "Gaj, Milos"]
[Result "0-1"]
[WhiteElo "2084"]
[BlackElo "1973"]
[PlyCount "62"]
[EventDate "2011.08.??"]
[EventType "swiss"]
[EventRounds "9"]
[EventCountry "CZE"]
[TimeControl "180"]

{24MB, Fritz8.ctg, sach1} 1. e4 c5 2. Nf3 d6 3. d4 cxd4 4. Nxd4 Nf6 5. Nc3 a6
6. Bg5 e6 7. f4 Nbd7 8. Be2 b5 9. Bf3 Bb7 10. e5 Bxf3 11. Nxf3 dxe5 12. fxe5 h6
13. Bh4 g5 14. Bf2 b4 15. Na4 Nd5 16. O-O Qc7 17. Rc1 Nc5 18. c4 Nf4 19. Nxc5
Bxc5 20. Qa4+ Ke7 21. Bxc5+ Qxc5+ 22. Kh1 Rhd8 23. Qc2 Nd3 24. Rb1 Qe3 25. h3
h5 26. Ng1 g4 27. Ne2 gxh3 28. Rf3 hxg2+ 29. Kxg2 Rg8+ 30. Ng3 Nf4+ 31. Rxf4
Rxg3+ 0-1

[Event "Jiraskuv memorial A"]
[Site "Rakovnik"]
[Date "2011.08.13"]
[Round "9"]
[White "Hinz, Frantisek"]
[Black "Slanec, Jan"]
[Result "1-0"]
[WhiteElo "2015"]
[BlackElo "1913"]
[PlyCount "51"]
[EventDate "2011.08.??"]
[EventType "swiss"]
[EventRounds "9"]
[EventCountry "CZE"]
[TimeControl "180"]

{24MB, Fritz8.ctg, sach1} 1. c4 f5 2. Nc3 d6 3. e4 g6 4. exf5 Bxf5 5. g4 Bd7 6.
d4 Bg7 7. Be3 Nh6 8. h3 Nf7 9. Qd2 c6 10. f4 e5 11. O-O-O Qc7 12. c5 exd4 13.
Bxd4 Bxd4 14. Qxd4 d5 15. Re1+ Kf8 16. Nf3 Na6 17. Ng5 h6 18. Nxf7 Kxf7 19.
Bxa6 bxa6 20. Nxd5 cxd5 21. Qxd5+ Be6 22. Qxe6+ Kg7 23. f5 Qxc5+ 24. Kb1 Rac8
25. Qxg6+ Kf8 26. Rc1 1-0

[Event "Jiraskuv memorial A"]
[Site "Rakovnik"]
[Date "2011.08.13"]
[Round "9"]
[White "Trnka, Miroslav"]
[Black "Hlavac, Rudolf"]
[Result "1-0"]
[WhiteElo "2012"]
[BlackElo "2064"]
[PlyCount "91"]
[EventDate "2011.08.??"]
[EventType "swiss"]
[EventRounds "9"]
[EventCountry "CZE"]
[TimeControl "180"]

{24MB, Fritz8.ctg, sach1} 1. g3 g6 2. Bg2 d5 3. d3 Bg7 4. Nf3 Nf6 5. O-O O-O 6.
c3 c5 7. Nbd2 Nc6 8. Re1 h6 9. Rb1 Be6 10. b4 cxb4 11. cxb4 d4 12. b5 Na5 13.
Bb2 Bxa2 14. Ra1 Bd5 15. Bxd4 b6 16. Qa4 Qd7 17. Ne5 Qe6 18. e4 Bb7 19. Rac1
Rac8 20. Ba1 Nd7 21. Nxd7 Qxd7 22. Bxg7 Kxg7 23. d4 Rfd8 24. d5 e6 25. Nc4 Nxc4
26. Rxc4 exd5 27. Rd4 Rc5 28. Qxa7 Rxb5 29. Qa1 Kg8 30. exd5 Re8 31. d6 Bxg2
32. Kxg2 Rbe5 33. Rxe5 Rxe5 34. Qa8+ Kh7 35. Qf3 b5 36. h3 h5 37. Rf4 Kg8 38.
Qa8+ Kg7 39. Rb4 Kh7 40. Qf3 Kg8 41. Qc3 Kh7 42. Rf4 Rd5 43. Qf3 Qxd6 44. Rxf7+
Kh6 45. Qe3+ g5 46. Qe4 1-0

[Event "Jiraskuv memorial A"]
[Site "Rakovnik"]
[Date "2011.08.13"]
[Round "9"]
[White "Klement, Lukas"]
[Black "Elias, Miroslav"]
[Result "1-0"]
[WhiteElo "2234"]
[BlackElo "2121"]
[PlyCount "105"]
[EventDate "2011.08.??"]
[EventType "swiss"]
[EventRounds "9"]
[EventCountry "CZE"]
[TimeControl "180"]

{24MB, Fritz8.ctg, sach1} 1. Nf3 Nf6 2. g3 g6 3. Bg2 Bg7 4. O-O d5 5. d3 O-O 6.
Nbd2 c6 7. e4 dxe4 8. dxe4 Qa5 9. c3 Qh5 10. Nd4 Qxd1 11. Rxd1 e5 12. N4b3 Rd8
13. Re1 Na6 14. Bf1 Nc7 15. f3 Ne6 16. Nc4 Ne8 17. Be3 b6 18. a4 f6 19. Rad1
Bb7 20. a5 b5 21. Na3 Bf8 22. Nc2 Nd6 23. Bf2 Be7 24. Ne3 Ba6 25. Nc1 Kf7 26.
Nd3 Nc4 27. Nxc4 bxc4 28. Nb4 Bb5 29. Rxd8 Bxd8 30. Rd1 Ke7 31. a6 Bb6 32. Nc2
Bxf2+ 33. Kxf2 Ba4 34. Rd2 Bb5 35. Na3 Bxa6 36. Bxc4 Bxc4 37. Nxc4 Rd8 38. Rxd8
Kxd8 39. Ke3 Kd7 40. f4 exf4+ 41. gxf4 g5 42. f5 Ng7 43. Kd4 h5 44. b4 h4 45.
Ne3 Ne8 46. e5 fxe5+ 47. Kxe5 Ke7 48. Ng4 Kf7 49. f6 Nc7 50. Kf5 h3 51. Ne5+
Kf8 52. Kg6 g4 53. Nd7+ 1-0

[Event "Jiraskuv memorial A"]
[Site "Rakovnik"]
[Date "2011.08.13"]
[Round "9"]
[White "Urban, Tomas"]
[Black "Rozsafny, Michal"]
[Result "1/2-1/2"]
[WhiteElo "1822"]
[BlackElo "1943"]
[PlyCount "134"]
[EventDate "2011.08.??"]
[EventType "swiss"]
[EventRounds "9"]
[EventCountry "CZE"]
[TimeControl "180"]

{24MB, Fritz8.ctg, sach1} 1. g3 d5 2. Bg2 e5 3. d3 c6 4. Nf3 Bd6 5. c4 d4 6.
O-O Ne7 7. b4 Be6 8. a4 f6 9. Ba3 O-O 10. Nbd2 Ng6 11. Ne4 Be7 12. b5 Bxa3 13.
Rxa3 f5 14. Nc5 Qe7 15. Nxe6 Qxe6 16. Qb3 Nd7 17. Rc1 Rab8 18. Ng5 Qe7 19. c5+
Kh8 20. Ne6 Rf6 21. Ng5 Nxc5 22. Qb4 Nd7 23. Qxe7 Nxe7 24. bxc6 bxc6 25. Raa1
c5 26. Rab1 Rfb6 27. Rxb6 Rxb6 28. Nf7+ Kg8 29. Nd8 Rb8 30. Nc6 Nxc6 31. Bxc6
Rd8 32. Bxd7 Rxd7 33. Rxc5 Re7 34. a5 Kf7 35. f4 e4 36. Rxf5+ Kg6 37. dxe4 Rxe4
38. Rg5+ Kf6 39. Kf2 h6 40. Rd5 Ke6 41. Rd8 Kf6 42. Kf3 Re3+ 43. Kf2 Ra3 44.
Rd6+ Kf5 45. Ra6 Ra2 46. Ke1 Ke4 47. Rxa7 Ra1+ 48. Kf2 g5 49. fxg5 hxg5 50. h3
Ra2 51. Re7+ Kf5 52. Rd7 Ke5 53. h4 gxh4 54. gxh4 Rxa5 55. h5 Ke6 56. Rxd4 Rxh5
57. Ra4 Rf5+ 58. Ke3 Rh5 59. Kd3 Kd6 60. Ra6+ Kd7 61. Kd4 Ke7 62. e4 Rb5 63.
Rh6 Ra5 64. Ke3 Ra3+ 65. Kf4 Ra5 66. e5 Ra1 67. Kf5 Rf1+ 1/2-1/2

[Event "Jiraskuv memorial A"]
[Site "Rakovnik"]
[Date "2011.08.13"]
[Round "9"]
[White "Pliva, Vojtech"]
[Black "Haman, Jakub"]
[Result "1/2-1/2"]
[WhiteElo "2066"]
[BlackElo "2146"]
[PlyCount "73"]
[EventDate "2011.08.??"]
[EventType "swiss"]
[EventRounds "9"]
[EventCountry "CZE"]

1. Nf3 g6 2. e4 c5 3. g3 Bg7 4. Bg2 d6 5. d3 Nf6 6. O-O Nc6 7. c3 O-O 8. Nbd2
Bd7 9. Re1 Rc8 10. a4 Qb6 11. Nc4 Qa6 12. e5 dxe5 13. Nfxe5 Nxe5 14. Nxe5 Be6
15. Qe2 Rfd8 16. c4 Ne8 17. Bf4 Nd6 18. g4 Rc7 19. h3 Bc8 20. Qc2 f6 21. Nf3 e5
22. Bd2 Nf7 23. Bc3 Qd6 24. Rad1 Re7 25. Qe2 Bd7 26. b3 Be8 27. d4 cxd4 28.
Nxd4 Red7 29. Nb5 Qxd1 30. Rxd1 Rxd1+ 31. Kh2 R1d7 32. Nxa7 Ng5 33. Nb5 Bf7 34.
Ba5 Ra8 35. Bd2 Ne6 36. Bd5 Rad8 37. Be3 1/2-1/2

[Event "Jiraskuv memorial A"]
[Site "Rakovnik"]
[Date "2011.08.13"]
[Round "9"]
[White "Cap, Adam"]
[Black "Kovar, Jan"]
[Result "1-0"]
[WhiteElo "1924"]
[BlackElo "2002"]
[PlyCount "117"]
[EventDate "2011.08.??"]
[EventType "swiss"]
[EventRounds "9"]
[EventCountry "CZE"]

1. e4 c6 2. d4 d5 3. Nc3 dxe4 4. Nxe4 Bf5 5. Ng3 Bg6 6. Nf3 e6 7. h4 h6 8. h5
Bh7 9. Bd3 Bxd3 10. Qxd3 Nf6 11. Bd2 Bd6 12. O-O-O Qc7 13. Kb1 Nbd7 14. c4 Bxg3
15. fxg3 Qxg3 16. Qa3 Ne4 17. Rhe1 Nxd2+ 18. Rxd2 Nb6 19. b3 O-O-O 20. Qxa7 Qc7
21. Ne5 f6 22. Nf3 e5 23. dxe5 Rxd2 24. Nxd2 fxe5 25. Ne4 c5 26. Qa5 Nd7 27.
Qxc7+ Kxc7 28. Rf1 Rf8 29. Rxf8 Nxf8 30. Nxc5 Kc6 31. Ne4 g6 32. hxg6 Nxg6 33.
g3 h5 34. Kc2 h4 35. gxh4 Nxh4 36. b4 Nf5 37. a4 Ne3+ 38. Kd3 Nd1 39. a5 Nb2+
40. Kc3 Nd1+ 41. Kc2 Ne3+ 42. Kd3 Nf5 43. b5+ Kc7 44. c5 Nd4 45. Kc4 Nc2 46.
Nd6 Na3+ 47. Kd5 e4 48. Kxe4 Nxb5 49. Nxb5+ Kc6 50. Nd6 Kxc5 51. Nxb7+ Kc6 52.
a6 Kb6 53. Nc5 Ka7 54. Kd5 Kb8 55. Kc6 Ka7 56. Kc7 Ka8 57. Kb6 Kb8 58. Ne6 Ka8
59. Nc7+ 1-0

[Event "Jiraskuv memorial A"]
[Site "Rakovnik"]
[Date "2011.08.13"]
[Round "9"]
[White "Svarc, Roman"]
[Black "Janda, Pavel"]
[Result "0-1"]
[WhiteElo "2125"]
[BlackElo "2011"]
[PlyCount "104"]
[EventDate "2011.08.??"]
[EventType "swiss"]
[EventRounds "9"]
[EventCountry "CZE"]

1. c4 c5 2. Nc3 Nc6 3. g3 g6 4. Bg2 Bg7 5. Nf3 Nf6 6. d4 cxd4 7. Nxd4 O-O 8.
O-O a6 9. h3 Qc7 10. Nxc6 bxc6 11. e4 d6 12. Be3 Nd7 13. Rc1 Rb8 14. b3 Bb7 15.
Qd2 Rfd8 16. Rfd1 Nf6 17. f4 c5 18. Qf2 Bc6 19. Nd5 Qb7 20. e5 Nxd5 21. cxd5
Bb5 22. e6 fxe6 23. dxe6 Bc6 24. Rc4 Rf8 25. Re1 Qc8 26. Qd2 Rf6 27. Bd4 Rf8
28. Bxg7 Kxg7 29. g4 Bb5 30. Rc3 Rf6 31. f5 gxf5 32. Qg5+ Kh8 33. gxf5 Qg8 34.
Qf4 Rbf8 35. Rg3 Rg6 36. Rxg6 Qxg6 37. fxg6 Rxf4 38. gxh7 Kxh7 39. Re4 Rxe4 40.
Bxe4+ Kg7 41. a4 Be8 42. Kf2 Kf6 43. Bd5 a5 44. Ke3 Ke5 45. Bc4 Bg6 46. h4 d5
47. Bb5 Kxe6 48. Kf4 Kf6 49. Bc6 e6 50. Bb5 Bc2 51. h5 Bxb3 52. Bd7 e5+ 0-1